| 000 | 01009nam a22002297a 4500 | ||
|---|---|---|---|
| 999 |
_c21417 _d21417 |
||
| 003 | AR-CdUCM | ||
| 008 | 190319b ||||| |||| 00| 0 spa d | ||
| 020 | _a9786123180409 | ||
| 040 |
_aMUNICIPALIDAD PROVINCIAL DEL CUSCO _cBIBLIOTECA MUNICIPAL DEL CUSCO |
||
| 082 |
_a658.4056/R39 _bR39 _2Segunda |
||
| 100 |
_aRemy Oyague, Paul _944685 |
||
| 245 |
_aManejo de crisis : _b¿Qué hacer el día en que todo está en contra nuestra? / |
||
| 260 |
_aLima ; _bUniversidad Peruana de Ciencias Aplicadas (UPC), _c2015. |
||
| 300 |
_a265 Páginas. : _c24x17 cm. |
||
| 505 | _aContenido: Naturaleza entender la crisis -- Manejo -- Comunicaciones -- Precrisis -- Poscrisis -- Reputación y extramercado -- Responsabilidad social -- Conflictos sociales ... | ||
| 650 |
_aAdministración de la crisis _944686 |
||
| 650 |
_aSolución de conflictos _944687 |
||
| 650 |
_aAdministración del riesgo _944688 |
||
| 710 |
_aUniversidad Peruana de Ciencias Aplicadas (UPC) _944601 |
||
| 942 |
_2ddc _cLIBROS |
||
| 945 | _aRoel | ||